| 000 | 01396nam a22003857a 4500 | ||
|---|---|---|---|
| 003 | AUA.1 | ||
| 005 | 20260226131705.0 | ||
| 008 | 240416b |||||||| |||| 00| 0 eng d | ||
| 020 | _a9780828028967 | ||
| 040 | _cJTL | ||
| 050 |
_aBV4438 _b.O46 2022 |
||
| 245 |
_aI will go with my family : _bfamilies and mental health / _cWillie and Elaine Oliver (eds). |
||
| 260 |
_aUnited States of America : _bReview and Herald Publishing, _cc2022 |
||
| 300 |
_avii, 185 p. : _c26cm |
||
| 650 | _aChurch work with families | ||
| 650 |
_aMental health _vReligious aspects _xChristianity |
||
| 700 |
_aOliver, Willie _eEditor |
||
| 700 |
_aOliver, Elaine _eEditor |
||
| 700 |
_aBaltazar, Alina _eContributor |
||
| 700 |
_aBrown, Jeff _eContributor |
||
| 700 |
_aWeakley, Katelyn Campbell _eContributor |
||
| 700 |
_aConsuegra, Claudio _eContributor |
||
| 700 |
_aConsuegra, Pamela _eContributor |
||
| 700 |
_aFraser, Jasmine _eContributor |
||
| 700 |
_aJacobson-Venn, Dawn _eContributor |
||
| 700 |
_aKidder, Joseph _eContributor |
||
| 700 |
_aMcEdward, Rick _eContributor |
||
| 700 |
_aNixon, John _eContributor |
||
| 700 |
_aOstring, Sven _eContributor |
||
| 700 |
_aSalyers, Mindy _eContributor |
||
| 700 |
_aSedlacek, David _eContributor |
||
| 700 |
_aSedlacek, Beverly _eContributor |
||
| 700 |
_aYoungberg, John B. _eContributor |
||
| 942 |
_2lcc _cBOOK _hBV 4438 _i.O46 2022 |
||
| 999 |
_c24607 _d24607 |
||